Japanese Companies and Brands Sudden Death - Statistics

General Stats
  • This quiz has been taken 38 times
  • The average score is 11 of 22
Answers on the Grid
Answers color-coded by a green-red scale on the quiz's grid according to % correct below.
Sony
Panasonic
Kia
LG
Bridgestone
Bytedance
Nintendo
Yamaha
FPT
BYD
Daewoo
Deepseek
Canon
Honda
Toyota
Naver
ZTE
Mazda
Tencent
Hitachi
SoftBank
Uniqlo
Mizuno
Xiaomi
Casio
Asics
Yakult
Alibaba
Muji
TSMC
Gree
Mihoyo
Toshiba
NEC
Bilibili
Omron
Seiko
Kenzo
Tata
Lada
 
Answer Stats
Answer % Correct
Nintendo
83%
Toyota
83%
Yamaha
83%
Sony
78%
Honda
74%
Mazda
70%
Toshiba
65%
Canon
61%
Hitachi
57%
Panasonic
57%
Casio
52%
Mizuno
48%
Seiko
48%
Uniqlo
43%
Muji
39%
Kenzo
35%
Asics
26%
SoftBank
26%
Yakult
22%
NEC
17%
Bridgestone
13%
Omron
4%
No matching quizzes found
Score Distribution
Percent of People with Each Score
Percentile by Number Answered
Your Score History
You have not taken this quiz